|
|
|
|
| LEADER |
00000nam0a2200000 4500 |
| 001 |
14420 |
| 005 |
20231030185653.0 |
| 010 |
|
|
|a 5895310265
|
| 035 |
|
|
|a (RuTPU)RU\TPU\book\14513
|
| 035 |
|
|
|a BOOK00014582
|
| 090 |
|
|
|a 14420
|
| 100 |
|
|
|a 20011209d1998 m y0rusy50 ca
|
| 101 |
0 |
|
|a ger
|
| 102 |
|
|
|a RU
|
| 105 |
|
|
|a a j 000zy
|
| 200 |
1 |
|
|a Моя Родина
|e Книга для чтения о судьбе российских немцев
|
| 210 |
|
|
|a Москва
|c МАРТ
|d 1998
|
| 215 |
|
|
|a 112 с.
|c ил.
|
| 300 |
|
|
|a Книга на немецком языке.
|
| 610 |
1 |
|
|a немецкий язык
|
| 610 |
1 |
|
|a учебные пособия
|
| 610 |
1 |
|
|a книги для чтения
|
| 610 |
1 |
|
|a российские немцы
|
| 610 |
1 |
|
|a история
|
| 686 |
|
|
|a Ш143.24-923.8
|v LBC/SL-A
|2 rubbk
|
| 801 |
|
0 |
|a RU
|b 63413507
|c 20011209
|g PSBO
|
| 801 |
|
2 |
|a RU
|b 63413507
|c 20131216
|g PSBO
|
| 942 |
|
|
|c BK
|